000 00352nam a2200157Ia 4500
008 221030s9999 xx 000 0 und d
020 _a0070582025
041 _aEnglish
082 _a105.23
_bRob
100 _aM. J. Roberts
245 0 _aSignals & Systems
260 _bTMH
_aNew Delhi
_c2005
300 _a1054
650 _aComputers
942 _cBK
999 _c2738
_d2738